| 000 | 00000nam##2200000za#4500 |
| 001 | 9.569463 |
| 003 | CaOODSP |
| 005 | 20210624181800 |
| 007 | cr ||||||||||| |
| 008 | 150406|1998||||xxc|||||o f|0| 0 eng|d |
| 040 | |aCaOODSP|beng |
| 043 | |an-cn--- |
| 086 | 1 |aNH18-1/180-1998E-PDF |
| 110 | 2 |aCanada Mortgage and Housing Corporation. |
| 245 | 14|aThe macroeconomic impacts of housing construction activity : |h[electronic resource]|bsimulations with the FOCUS model / |c[by] Peter Dungan. |
| 246 | 3 |aMacroeconomic impacts of housing construction activity : simulations with the FOCUS model |
| 260 | |aOttawa - Ontario : |bCanada Mortgage and Housing Corporation |c1998. |
| 300 | |a127p.|bgraphs, references, tables |
| 490 | 1 |aResearch report |
| 546 | |a(Résumé en français.) |
| 590 | |a11-06-Supp|b2011-04-14 |
| 720 | 1 |aDungan, Peter |
| 830 | #0|aResearch report (Canada Mortgage and Housing Corporation : Online)|w(CaOODSP)9.506068 |
| 856 | 40|ahttp://publications.gc.ca|qPDF|s5.30 MB|uhttps://publications.gc.ca/collections/collection_2011/schl-cmhc/nh18-1/NH18-1-180-1998-eng.pdf |